Medizin-Quiz 4 - Statistiken

Allgemein
  • Dieses Quiz wurde 1.001 mal gespielt
  • Das Durchschnittsergebnis liegt bei 8 aus 15
Antwortstatistiken
Beschreibung Begriff % Korrekt
Geschlechtsdrüse von Männern, die häufig von Krebs betroffen ist Prostata
85%
Fachbegriff für Zahnfäule, Zahnsubstanz baut ab, sodass schließlich ein Loch entstehen kann Karies
84%
Teilgebiet der Medizin, das sich mit Krebserkrankungen befasst Onkologie
76%
von Zecken übertragene Bakterieninfektion, flächige, oft rundliche Hautrötungen Borreliose
60%
Fachbegriff für einen anhaltenden, zu schnellen Puls und Herzschlag Tachykardie
58%
bekannte, vom Unternehmen Bayer vertriebene Wund- und Heilsalbe Bepanthen
57%
Folge, wenn die Nerven im Rückenmark teilweise oder vollständig durchtrennt wurden Querschnittslähmung
57%
Fachbegriff für die Oberhaut Epidermis
54%
Erkrankung der Leber, von der häufig Alkoholiker betroffen sind, Lebergewebe vernarbt zunehmend Leberzirrhose
54%
in Fachkreisen auch Hypothermie genannt, tritt nach anhaltender Kälteeinwirkung auf den Körper auf, wenn dessen Temperatur auf unter 35 ° Celsius sinkt Unterkühlung
49%
Persönlichkeitsstörung, Anzeichen: Instabilität des eigenen Selbstwertgefühls, Suizidalität, selbstverletzendes Verhalten Borderline
45%
hochgradig toxisches, geruchsloses Gas, entsteht im Rahmen von unvollständigen Verbrennungsprozessen, ca. 1,28 % Luftkonzentration sind tödlich Kohlenstoffmonoxid
38%
chemische Botenstoffe, welche für die Informationsübertragung zwischen den Nervenzellen sorgen Neurotransmitter
26%
schwere Infektionskrankheit, die mit starkem Durchfall einhergeht, tritt vor allem in Gebieten mit schlechter Hygiene auf, kann unbehandelt tödlich enden Cholera
22%
verschreibungspflichtige, besonders starke Wirkstoffe (Psychopharmaka), die beruhigend und angstlösend wirken Benzodiazepine
15%
Keine übereinstimmenden Quizze gefunden
Verteilung der Resultate
Anzahl Personen mit jedem Resultat
Perzentil nach korrekt beantworteten Fragen
Ihre Resultats-Entwicklung
Sie haben dieses Quiz noch nicht gespielt